Rupaul's Drag Race S10 - Statistics

Estatísticas Gerais
  • Esse quiz foi jogado 9 vezes
  • A pontuação média é 11 de 14
Estatísticas das Respostas
Hint Resposta % Correto
1st Aquaria
100%
6th Monet X Change
100%
Runner-Up Eureka
88%
Runner-Up Kameron Michaels
88%
5th Miz Cracker
88%
8th Monique Heart
88%
4th Asia O'Hara
75%
7th The Vixen
75%
14th Vanessa Vanjie Mateo
75%
9th Blair St. Clair
63%
11th Dusty Ray Bottoms
63%
13th Kalorie Karbdashian Williams
63%
10th Mayhem Miller
63%
12th Yuhua Hamasaki
63%
Nenhum quiz correspondente encontrado
Distribuição das Pontuações
Porcentagem de Pessoas com Cada Pontuação
Percentil de Números Respondidos
Sua Pontuação Histórica
Você não jogou esse quiz